<?xml version="1.0" encoding="UTF-8"?>
<record
    xmlns:xsi="http://www.w3.org/2001/XMLSchema-instance"
    xsi:schemaLocation="http://www.loc.gov/MARC21/slim http://www.loc.gov/standards/marcxml/schema/MARC21slim.xsd"
    xmlns="http://www.loc.gov/MARC21/slim">

  <leader>00246nam a22001217a 4500</leader>
  <datafield tag="040" ind1=" " ind2=" ">
    <subfield code="c">SK</subfield>
  </datafield>
  <datafield tag="082" ind1=" " ind2=" ">
    <subfield code="a">639</subfield>
  </datafield>
  <datafield tag="100" ind1=" " ind2=" ">
    <subfield code="a">TAIVO LAEVASTU</subfield>
  </datafield>
  <datafield tag="245" ind1=" " ind2=" ">
    <subfield code="a">Fisheries oceanography and ecology</subfield>
  </datafield>
  <datafield tag="260" ind1=" " ind2=" ">
    <subfield code="a">USA</subfield>
    <subfield code="b">TAI</subfield>
    <subfield code="c">1981</subfield>
  </datafield>
  <datafield tag="300" ind1=" " ind2=" ">
    <subfield code="a">199p.</subfield>
  </datafield>
  <datafield tag="942" ind1=" " ind2=" ">
    <subfield code="c">EK</subfield>
  </datafield>
  <datafield tag="999" ind1=" " ind2=" ">
    <subfield code="c">9667</subfield>
    <subfield code="d">9667</subfield>
  </datafield>
  <datafield tag="952" ind1=" " ind2=" ">
    <subfield code="0">0</subfield>
    <subfield code="1">0</subfield>
    <subfield code="4">0</subfield>
    <subfield code="6">639_000000000000000_TAI_1981_C237</subfield>
    <subfield code="7">0</subfield>
    <subfield code="9">51775</subfield>
    <subfield code="a">LBC</subfield>
    <subfield code="b">LBC</subfield>
    <subfield code="c">C237</subfield>
    <subfield code="d">2016-09-06</subfield>
    <subfield code="o">639 TAI 1981 C237</subfield>
    <subfield code="p">RUA045247</subfield>
    <subfield code="r">2016-09-06</subfield>
    <subfield code="y">EK</subfield>
  </datafield>
  <datafield tag="952" ind1=" " ind2=" ">
    <subfield code="0">0</subfield>
    <subfield code="1">0</subfield>
    <subfield code="4">0</subfield>
    <subfield code="6">639_000000000000000_NA_NA_C258</subfield>
    <subfield code="7">0</subfield>
    <subfield code="9">52158</subfield>
    <subfield code="a">LBC</subfield>
    <subfield code="b">LBC</subfield>
    <subfield code="c">C258</subfield>
    <subfield code="d">2016-09-15</subfield>
    <subfield code="o">639 NA NA C258</subfield>
    <subfield code="p">RUA046042</subfield>
    <subfield code="r">2016-09-15</subfield>
    <subfield code="y">EK</subfield>
  </datafield>
  <datafield tag="952" ind1=" " ind2=" ">
    <subfield code="0">0</subfield>
    <subfield code="1">0</subfield>
    <subfield code="4">0</subfield>
    <subfield code="6">639_000000000000000_TAI_1981_C252</subfield>
    <subfield code="7">0</subfield>
    <subfield code="9">53076</subfield>
    <subfield code="a">LBC</subfield>
    <subfield code="b">LBC</subfield>
    <subfield code="c">C252</subfield>
    <subfield code="d">2016-10-14</subfield>
    <subfield code="o">639 TAI 1981 C252</subfield>
    <subfield code="p">RUA045551</subfield>
    <subfield code="r">2016-10-14</subfield>
    <subfield code="w">2016-10-14</subfield>
    <subfield code="y">EK</subfield>
  </datafield>
</record>
